Native administration in the British African territories / (Record no. 1916)

MARC details
000 -LEADER
fixed length control field 01468cam a22003251a 4500
001 - CONTROL NUMBER
control field 8368591
003 - CONTROL NUMBER IDENTIFIER
control field OSt
005 - DATE AND TIME OF LATEST TRANSACTION
control field 20230620161544.0
008 - FIXED-LENGTH DATA ELEMENTS--GENERAL INFORMATION
fixed length control field 771011m19501953enk f001 0 eng
010 ## - LIBRARY OF CONGRESS CONTROL NUMBER
LC control number 51004697
035 ## - SYSTEM CONTROL NUMBER
System control number (OCoLC)3334239
040 ## - CATALOGING SOURCE
Original cataloging agency DLC
Transcribing agency AzFU
Modifying agency AzFU
-- MoSU-L
-- DLC
042 ## - AUTHENTICATION CODE
Authentication code premarc
043 ## - GEOGRAPHIC AREA CODE
Geographic area code e-uk---
-- f------
050 00 - LIBRARY OF CONGRESS CALL NUMBER
Classification number JQ1890
Item number .H28
082 ## - DEWEY DECIMAL CLASSIFICATION NUMBER
Classification number 325.342096
Item number HAI
100 1# - MAIN ENTRY--PERSONAL NAME
Personal name Hailey, William Malcolm Hailey,
Titles and words associated with a name Baron,
Dates associated with a name 1872-1969.
245 10 - TITLE STATEMENT
Title Native administration in the British African territories /
Statement of responsibility, etc. by Lord Hailey.
260 ## - PUBLICATION, DISTRIBUTION, ETC. (IMPRINT)
Place of publication, distribution, etc. London :
Name of publisher, distributor, etc. H.M.S.O.,
Date of publication, distribution, etc. 1950-1953.
300 ## - PHYSICAL DESCRIPTION
Extent 5 v. ;
Dimensions 25 cm.
500 ## - GENERAL NOTE
General note At head of title, pts. 1-4: Colonial Office; pt. 5: Commonwealth Relations Office.
500 ## - GENERAL NOTE
General note Accompanied by Index to pts. 1-4 (29 p.) issued in 1954.
505 0# - FORMATTED CONTENTS NOTE
Formatted contents note pt. 1. East Africa: Uganda, Kenya, Tanganyika -- pt. 2. Central Africa: Zanzibar, Nyasaland, Northern Rhodesia -- pt. 3. West Africa: Nigeria, Gold Coast, Sierra Leone, Gambia -- pt. 4. A general survey of the system of native administration -- pt. 5. The High Commission territories: Basutoland, the Bechuanaland Protectorate and Swaziland.
650 #0 - SUBJECT ADDED ENTRY--TOPICAL TERM
Topical term or geographic name as entry element Indigenous peoples
Geographic subdivision Africa.
651 #0 - SUBJECT ADDED ENTRY--GEOGRAPHIC NAME
Geographic name Great Britain
General subdivision Colonies
Geographic subdivision Africa
General subdivision Administration.
710 1# - ADDED ENTRY--CORPORATE NAME
Corporate name or jurisdiction name as entry element Great Britain.
Subordinate unit Colonial Office.
710 1# - ADDED ENTRY--CORPORATE NAME
Corporate name or jurisdiction name as entry element Great Britain.
Subordinate unit Office of Commonwealth Relations.
906 ## - LOCAL DATA ELEMENT F, LDF (RLIN)
a 7
b cbc
c oclcrpl
d u
e ncip
f 19
g y-gencatlg
942 ## - ADDED ENTRY ELEMENTS (KOHA)
Source of classification or shelving scheme Dewey Decimal Classification
Koha item type Books
Holdings
Withdrawn status Lost status Source of classification or shelving scheme Damaged status Not for loan Home library Current library Date acquired Total Checkouts Full call number Barcode Date last seen Price effective from Koha item type
    Dewey Decimal Classification     County Hall Archives County Hall Archives 06/20/2023   325.342096 HAI 10000245 06/20/2023 06/20/2023 Books
    Dewey Decimal Classification     County Hall Archives County Hall Archives 06/20/2023   325.342096 HAI 10001177 06/20/2023 06/20/2023 Books
    Dewey Decimal Classification     County Hall Archives County Hall Archives 06/20/2023   325.342096 HAI 10001200 06/20/2023 06/20/2023 Books
    Dewey Decimal Classification     County Hall Archives County Hall Archives 06/20/2023   325.342096 HAI 10001334 06/20/2023 06/20/2023 Books
LIBRARY OPENING HOURS

When the Parliament is sitting: 8.00a.m - 7.00p.m or until the house adjourns
Mondays and Fridays and when the House is on Recess:  8.00a.m - 5.00p.m
Closed on Weekends and Public Holidays

Online Public Access Catalog (OPAC)
Website: http://www.parliament.go.ke
Bunge Library: https://libraryir.parliament.go.ke
Contact: library@parliament.go.ke | Tel no: (254-2)2221291 or 2848000 Ext 5043